[Marečková, Jozefína]

Zobrazenie: Podobizeň spisovateľky, publicistky, redaktorky Jozefíny Marečkovej z apríla 1916 (1.3.1880 Petrova Ves - 25.2.1953 Holíč). Na fotografii je text: Puella Classica (spisovateľkin pseudonym), Budapest April 1916.

Bibliographic Details
Format: Photo
Language:Hungarian
PhysicalDescription:1 fotografia v hnedom tóne 23 x 15 cm
Published: [S.l. s.n.] [1916]
Subjects:

MARC

LEADER 00000nkmaa2200000 a 4500
001 vtls011968378
003 SK-MaSNL
005 20260301053201.0
007 kh ao
008 230802e1916 hu | |||0 k|hun
035 |a urn:nbn:sk:snk-km00ejcv 
035 |a urn:nbn:sk:snk-km45w4y 
035 |a 4C75F07B-5622-4297-B599-46A051600A57 
040 |a SNKLA  |b slo  |c SNKLA  |e AACR2 
041 0 |a hun 
044 |a hu  |c HU 
245 0 0 |a [Marečková, Jozefína]  |h grafika 
260 |a [S.l.  |b s.n.]  |c [1916] 
300 |a 1 fotografia  |b v hnedom tóne  |c 23 x 15 cm 
520 2 |a Zobrazenie: Podobizeň spisovateľky, publicistky, redaktorky Jozefíny Marečkovej z apríla 1916 (1.3.1880 Petrova Ves - 25.2.1953 Holíč). Na fotografii je text: Puella Classica (spisovateľkin pseudonym), Budapest April 1916. 
600 1 7 |a Marečková, Jozefína,  |d 1880-1953  |2 SNKMA  |9 131148 
655 7 |a portrétne fotografie  |2 SNKPH  |9 305796 
852 7 |a Slovenská národná knižnica  |b Literárny archív 
958 |a ZO 
958 |a BLA 
999 |c 607705  |d 609635 
952 |a SNKLA  |b SNKLA  |c SNKLA_DEP  |y NEVYP  |7 0  |p 17A1310825  |o snkSM 110/37  |i snkLA 1188/1982  |0 0  |1 0  |4 0  |d 2020-05-21  |f 1  |l 0  |r 2026-02-23 16:13:49  |w 2026-02-23